La literatura inglesa (Record no. 6020)
[ view plain ]
| 000 -LEADER | |
|---|---|
| campo de control de longitud fija | 01302nmc a2200457 a 4500 |
| 003 - IDENTIFICADOR DE NÚMERO DE CONTROL | |
| campo de control | AR-BaBNM |
| 005 - FECHA Y HORA DE LA ÚLTIMA TRANSACCIÓN | |
| campo de control | 20251128204049.0 |
| 008 - DATOS DE LONGITUD FIJA--INFORMACIÓN GENERAL | |
| campo de control de longitud fija | 216119s1975 ||||||||||||||000 | spa|| |
| 040 ## - FUENTE DE CATALOGACIÓN | |
| Centro/agencia transcriptor | AR-BaBNM |
| 100 1# - ENTRADA PRINCIPAL--NOMBRE DE PERSONA | |
| Nombre de persona | Praz, Mario |
| 245 10 - MENCIÓN DEL TÍTULO | |
| Título | La literatura inglesa |
| Resto del título | de la Edad Media al iluminismo |
| 260 ## - PUBLICACIÓN, DISTRIBUCIÓN, ETC. | |
| Lugar de publicación, distribución, etc. | Buenos Aires |
| Nombre del editor, distribuidor, etc. | Losada |
| Fecha de publicación, distribución, etc. | 1975 |
| 300 0# - DESCRIPCIÓN FÍSICA | |
| Extensión | 396 p. |
| 490 #0 - MENCIÓN DE SERIE | |
| Mención de serie | Las literaturas del mundo |
| 500 0# - NOTA GENERAL | |
| Nota general | Contiene referencias bibliográficas en p. 339 |
| 500 0# - NOTA GENERAL | |
| Nota general | Indice de nombres en p. 389 |
| 600 14 - PUNTO DE ACCESO ADICIONAL DE MATERIA--NOMBRE DE PERSONA | |
| Nombre de persona | Chaucer, Geoffrey |
| Fechas asociadas al nombre | ca.1300-1400 |
| 600 14 - PUNTO DE ACCESO ADICIONAL DE MATERIA--NOMBRE DE PERSONA | |
| Nombre de persona | Milton, John |
| Fechas asociadas al nombre | 1608-1674 |
| 600 14 - PUNTO DE ACCESO ADICIONAL DE MATERIA--NOMBRE DE PERSONA | |
| Nombre de persona | Shakespeare, William |
| 600 14 - PUNTO DE ACCESO ADICIONAL DE MATERIA--NOMBRE DE PERSONA | |
| Nombre de persona | Swift, Jonathan |
| 600 14 - PUNTO DE ACCESO ADICIONAL DE MATERIA--NOMBRE DE PERSONA | |
| Nombre de persona | Pope, Alexander |
| 600 14 - PUNTO DE ACCESO ADICIONAL DE MATERIA--NOMBRE DE PERSONA | |
| Nombre de persona | Defoe, Daniel |
| 600 14 - PUNTO DE ACCESO ADICIONAL DE MATERIA--NOMBRE DE PERSONA | |
| Nombre de persona | Sterne, Laurence |
| 650 #4 - PUNTO DE ACCESO ADICIONAL DE MATERIA--TÉRMINO DE MATERIA | |
| Término de materia o nombre geográfico como elemento de entrada | LITERATURA MEDIEVAL |
| 650 #4 - PUNTO DE ACCESO ADICIONAL DE MATERIA--TÉRMINO DE MATERIA | |
| Término de materia o nombre geográfico como elemento de entrada | LITERATURA INGLESA |
| 650 #4 - PUNTO DE ACCESO ADICIONAL DE MATERIA--TÉRMINO DE MATERIA | |
| Término de materia o nombre geográfico como elemento de entrada | POESIA |
| 650 #4 - PUNTO DE ACCESO ADICIONAL DE MATERIA--TÉRMINO DE MATERIA | |
| Término de materia o nombre geográfico como elemento de entrada | LITERATURA MODERNA |
| 650 #4 - PUNTO DE ACCESO ADICIONAL DE MATERIA--TÉRMINO DE MATERIA | |
| Término de materia o nombre geográfico como elemento de entrada | RENACIMIENTO |
| 650 #4 - PUNTO DE ACCESO ADICIONAL DE MATERIA--TÉRMINO DE MATERIA | |
| Término de materia o nombre geográfico como elemento de entrada | TEATRO |
| 650 #4 - PUNTO DE ACCESO ADICIONAL DE MATERIA--TÉRMINO DE MATERIA | |
| Término de materia o nombre geográfico como elemento de entrada | LITERATURA EXTRANJERA |
| 650 #4 - PUNTO DE ACCESO ADICIONAL DE MATERIA--TÉRMINO DE MATERIA | |
| Término de materia o nombre geográfico como elemento de entrada | CULTURAS LITERARIAS |
| 653 #0 - TÉRMINO DE INDIZACIÓN--NO CONTROLADO | |
| Término no controlado | ILUMINISMO |
| 653 #0 - TÉRMINO DE INDIZACIÓN--NO CONTROLADO | |
| Término no controlado | NARRATIVA |
| 655 ## - TERMINO DE INDIZACIÓN--GENERO/FORMA | |
| Datos o término principal de género/forma | LITERATURA |
| 700 1# - ENTRADA AGREGADA--NOMBRE PERSONAL | |
| Nombre de persona | Coldaroli, Carlos |
| Término indicativo de función/relación | traductor |
| 800 1# - PUNTO DE ACCESO ADICIONAL DE SERIE--NOMBRE DE PERSONA | |
| Nombre de persona | Bacchelli, Riccardo |
| Término indicativo de función/relación | director |
| 800 1# - PUNTO DE ACCESO ADICIONAL DE SERIE--NOMBRE DE PERSONA | |
| Nombre de persona | Macchia, Giovanni |
| Término indicativo de función/relación | director |
| 800 1# - PUNTO DE ACCESO ADICIONAL DE SERIE--NOMBRE DE PERSONA | |
| Nombre de persona | Viscardi, Antonio |
| Término indicativo de función/relación | director |
| 942 ## - ELEMENTOS DE ENTRADA SECUNDARIOS (KOHA) | |
| Tipo de ítem Koha | Libros |
| 998 ## - INFORMACIÓN DE CONTROL LOCAL (RLIN) | |
| Iniciales del catalogador, CIN (RLIN) | MARTIN |
| Estatus retirado | Estado de pérdida | Fuente de la clasificación o esquema de estantería | Estado de daño | No para préstamo | Biblioteca de origen | Biblioteca actual | Fecha de adquisición | Total de préstamos | Signatura topográfica completa | Código de barras | Visto por última vez | Precio de reemplazo | Tipo de ítem Koha |
|---|---|---|---|---|---|---|---|---|---|---|---|---|---|
| Clasificación Decimal Dewey | Liberty | Liberty | 28/11/2025 | 820 PRAL | 091655 | 28/11/2025 | 28/11/2025 | Libros | |||||
| Clasificación Decimal Dewey | Liberty | Liberty | 28/11/2025 | 820 PRAL | 091656 | 28/11/2025 | 28/11/2025 | Libros |